Province's Quiz of The Netherlands - Statistics

General Stats
  • This quiz has been taken 21 times
    17 since last reset
  • The average score is 10 of 12
Answer Stats
Answer % Correct
Friesland
93%
Zeeland
93%
Gelderland
86%
Groningen
86%
Limburg
86%
Noord Brabant
86%
Noord-Holland
86%
Utrecht
86%
Flevoland
79%
Zuid-Holland
79%
Drenthe
71%
Overijssel
71%
No matching quizzes found
Score Distribution
Percent of People with Each Score
Percentile by Number Answered
Your Score History
You have not taken this quiz since the last reset